Encyclopedia of sports science / (Record no. 3707)
[ view plain ]
| 000 -LEADER | |
|---|---|
| fixed length control field | 00667nam a22002177a 4500 |
| 003 - CONTROL NUMBER IDENTIFIER | |
| control field | OSt |
| 005 - DATE AND TIME OF LATEST TRANSACTION | |
| control field | 20140310181803.0 |
| 008 - FIXED-LENGTH DATA ELEMENTS--GENERAL INFORMATION | |
| fixed length control field | 130704t xxu||||| |||| 00| 0 eng d |
| 020 ## - INTERNATIONAL STANDARD BOOK NUMBER | |
| International Standard Book Number | 0028646665 |
| 050 ## - LIBRARY OF CONGRESS CALL NUMBER | |
| Classification number | GV 558 |
| Item number | .Z94 1997 |
| 082 ## - DEWEY DECIMAL CLASSIFICATION NUMBER | |
| Classification number | REF 613.71 |
| Item number | En1 1997 |
| 245 ## - TITLE STATEMENT | |
| Title | Encyclopedia of sports science / |
| Statement of responsibility, etc | John Zumerchik. |
| 260 ## - PUBLICATION, DISTRIBUTION, ETC. (IMPRINT) | |
| Place of publication, distribution, etc | New York : |
| Name of publisher, distributor, etc | Macmillan Library Reference, |
| Date of publication, distribution, etc | c1997. |
| 300 ## - PHYSICAL DESCRIPTION | |
| Extent | v2, 943 p. ; |
| Other physical details | ill, col. ; |
| Dimensions | 28 cm. |
| 520 ## - SUMMARY, ETC. | |
| Summary, etc | 1. Sports sciences-Encyclopedias. 2. Sports-Physiological aspects-Encyclopedias. |
| 521 ## - TARGET AUDIENCE NOTE | |
| Target audience note | |
| 541 ## - IMMEDIATE SOURCE OF ACQUISITION NOTE | |
| -- | 3360 |
| -- | 1 |
| 541 ## - IMMEDIATE SOURCE OF ACQUISITION NOTE | |
| -- | 3361 |
| -- | 1 |
| 562 ## - COPY AND VERSION IDENTIFICATION NOTE | |
| Number of copies | 1 |
| 942 ## - ADDED ENTRY ELEMENTS (KOHA) | |
| Source of classification or shelving scheme | Library of Congress Classification |
| Koha item type | |
| Call number prefix | |
| Withdrawn status | Lost status | Source of classification or shelving scheme | Damaged status | Home library | Current library | Shelving location | Date acquired | Total Checkouts | Full call number | Barcode | Date last seen | Copy number | Price effective from | Koha item type |
|---|---|---|---|---|---|---|---|---|---|---|---|---|---|---|
| Library of Congress Classification | Luxembourg Library | Luxembourg Library | Reference Section | 07/04/2013 | GV 558 .Z94 1997 vol.1 | 3360 | 08/11/2015 | 1 | 07/04/2013 | Books | ||||
| Library of Congress Classification | Luxembourg Library | Luxembourg Library | Reference Section | 07/04/2013 | GV 558 .Z94 1997 vol.2 | 3361 | 05/27/2015 | 1 | 07/04/2013 | Books |